000 00505nam a2200181Ia 4500
999 _c9468
_d9468
003 OSt
005 20191231115717.0
008 190216s9999||||xx |||||||||||||| ||und||
020 _a0876921101
040 _coclc
082 _a330.1
_bGRO/E
100 _aGrossman, Gregory
_9950
245 0 _aEconomic Systems /
_cGregory Grossman
260 _bPentice Hall Of India,
_c1979.
_aNew Delhi:
300 _a195p
650 _aEconomics
942 _cBK
_2ddc
_h330.1
_iGRO/E
_k330.1
_mGRO/E